[Event "BIH-chT 20th"]
[Site "Neum"]
[Date "2022.09.16"]
[Round "7.3"]
[White "Ramoutar, Alan Safar"]
[Black "Arapovic, Vitomir"]
[Result "1/2-1/2"]
[WhiteElo "2449"]
[BlackElo "2273"]
[PlyCount "94"]
[EventDate "2022.09.10"]
[EventType "team-tourn"]
[EventRounds "9"]
[EventCountry "BIH"]
[SourceTitle "CBM 210 Extra"]
[Source "ChessBase"]
[SourceDate "2022.11.30"]
[SourceVersion "1"]
[SourceVersionDate "2022.11.30"]
[SourceQuality "1"]
[WhiteTeam "Pazaric Bjelasnica"]
[BlackTeam "Konjic Igman"]
[WhiteTeamCountry "BIH"]
[BlackTeamCountry "BIH"]

1. e4 e6 2. d4 d5 3. e5 c5 4. c3 Nc6 5. Nf3 Nge7 6. Na3 cxd4 7. cxd4 Nf5 8. Nc2 Bd7 9. Bd3 Qb6 10. 0-0 Nb4 11. Nxb4 Qxb4 12. a3 Qb6 13. Bc2 h6 14. g4 Ne7 15. b4 Nc6 16. Rb1 0-0-0 17. Kg2 Kb8 18. Be3 f6 19. Ne1 fxe5 20. dxe5 d4 21. Bf4 g5 22. Bg3 Ne7 23. Nd3 Nd5 24. Qd2 Nc3 25. Rbd1 Bc6+ 26. f3 h5 27. h3 hxg4 28. hxg4 Be7 29. Bb3 Rh6 30. Nb2 Nd5 31. Bxd5 Bxd5 32. Rc1 Rf8 33. Qd3 Rhh8 34. Nc4 Qa6 35. Qxd4 Rc8 36. Nd2 Rxc1 37. Rxc1 Qxa3 38. Ra1 Qxb4 39. Qxa7+ Kc7 40. Qe3 Qxg4 41. Rc1+ Kd7 42. Qb6 Qh3+ 43. Kf2 Ke8 44. Nc4 Qf5 45. Rc3 Bxc4 46. Rxc4 Kf7 47. Qxb7 Qd3 1/2-1/2

[Event "BIH-chT 20th"]
[Site "Neum"]
[Date "2022.09.14"]
[Round "5.2"]
[White "Arapovic, Vitomir"]
[Black "Dizdarevic, Emir"]
[Result "1/2-1/2"]
[WhiteElo "2273"]
[BlackElo "2378"]
[PlyCount "24"]
[EventDate "2022.09.10"]
[EventType "team-tourn"]
[EventRounds "9"]
[EventCountry "BIH"]
[SourceTitle "CBM 210 Extra"]
[Source "ChessBase"]
[SourceDate "2022.11.30"]
[SourceVersion "1"]
[SourceVersionDate "2022.11.30"]
[SourceQuality "1"]
[WhiteTeam "Konjic Igman"]
[BlackTeam "Sarajevo Napredak"]
[WhiteTeamCountry "BIH"]
[BlackTeamCountry "BIH"]

1. e4 e6 2. d4 d5 3. exd5 exd5 4. Bd3 Nf6 5. Ne2 Bg4 6. 0-0 Be7 7. c3 0-0 8. Qc2 Bxe2 9. Bxe2 c6 10. Bg5 Ne4 11. Bxe7 Qxe7 12. Bd3 Nf6 1/2-1/2

[Event "BIH-chT 20th"]
[Site "Neum"]
[Date "2022.09.11"]
[Round "2.4"]
[White "Nikolic, Predrag"]
[Black "Arapovic, Vitomir"]
[Result "1/2-1/2"]
[WhiteElo "2536"]
[BlackElo "2273"]
[PlyCount "34"]
[EventDate "2022.09.10"]
[EventType "team-tourn"]
[EventRounds "9"]
[EventCountry "BIH"]
[SourceTitle "CBM 210 Extra"]
[Source "ChessBase"]
[SourceDate "2022.11.30"]
[SourceVersion "1"]
[SourceVersionDate "2022.11.30"]
[SourceQuality "1"]
[WhiteTeam "Sarajevo Bosna"]
[BlackTeam "Konjic Igman"]
[WhiteTeamCountry "BIH"]
[BlackTeamCountry "BIH"]

1. Nf3 d6 2. g3 e5 3. Bg2 Nc6 4. 0-0 g6 5. d4 Bg7 6. d5 Nce7 7. c4 f5 8. Nc3 Nf6 9. Ng5 0-0 10. e4 h6 11. Ne6 Bxe6 12. dxe6 c6 13. b4 fxe4 14. Nxe4 Nxe4 15. Bxe4 d5 16. cxd5 cxd5 17. Bg2 Qd6 1/2-1/2

[Event "BIH-chT 19th"]
[Site "Neum"]
[Date "2021.09.17"]
[Round "1.4"]
[White "Arapovic, Vitomir"]
[Black "Pasalic, Harun"]
[Result "0-1"]
[WhiteElo "2283"]
[BlackElo "2282"]
[PlyCount "106"]
[EventDate "2021.09.17"]
[EventType "team-tourn"]
[EventRounds "9"]
[EventCountry "BIH"]
[SourceTitle "EXT 2023"]
[Source "ChessBase"]
[SourceDate "2022.10.05"]
[SourceVersion "1"]
[SourceVersionDate "2022.10.05"]
[SourceQuality "1"]
[WhiteTeam "Busovaca Hrasno"]
[BlackTeam "Pazaric Bjelasnica"]
[WhiteTeamCountry "BIH"]
[BlackTeamCountry "BIH"]

1. e4 c5 2. Nf3 g6 3. c3 Bg7 4. d4 cxd4 5. Nxd4 Nc6 6. Nf3 Nf6 7. Bd3 d5 8. exd5 Qxd5 9. 0-0 0-0 10. Bc2 Qh5 11. Nbd2 b6 12. Qe2 a5 13. Re1 Ba6 14. Bd3 Bxd3 15. Qxd3 Rfd8 16. Qe2 b5 17. Nf1 b4 18. Ng3 Qd5 19. c4 Qd3 20. Qxd3 Rxd3 21. Rb1 e5 22. Bg5 Nd7 23. Red1 Nc5 24. Rxd3 Nxd3 25. Ne1 Nc5 26. Be3 Na4 27. Ne2 e4 28. b3 Nc3 29. Nxc3 bxc3 30. a3 Ne5 31. c5 Nd3 32. Nc2 f5 33. g3 g5 34. Bxg5 Nxc5 35. Be3 Nd3 36. Kf1 Rb8 37. Ke2 Nb2 38. b4 axb4 39. axb4 Kf7 40. Ra1 Nd3 41. Ra4 Bf8 42. Bd4 Nxb4 43. Nxb4 Bxb4 44. Ra7+ Ke6 45. Rxh7 Kd5 46. Rd7+ Kc4 47. Be3 Ra8 48. h4 Ra1 49. f4 Rh1 50. Kf2 c2 51. Rc7+ Kb3 52. Kg2 Re1 53. Kf2 Rxe3 0-1

[Event "Niksic IM 03"]
[Site "Niksic"]
[Date "2021.03.10"]
[Round "8"]
[White "Kisic, Bozidar"]
[Black "Arapovic, Vitomir"]
[Result "1-0"]
[WhiteElo "2233"]
[BlackElo "2295"]
[PlyCount "65"]
[EventDate "2021.03.05"]
[EventType "tourn"]
[EventRounds "9"]
[EventCountry "MNE"]
[SourceTitle "EXT 2022"]
[Source "ChessBase"]
[SourceDate "2021.10.06"]
[SourceVersion "1"]
[SourceVersionDate "2021.10.06"]
[SourceQuality "1"]

1. d4 d6 2. Nf3 g6 3. e4 Bg7 4. Nc3 Nf6 5. Bg5 h6 6. Be3 0-0 7. h3 c6 8. Qd2 Kh7 9. g4 d5 10. e5 Ne4 11. Nxe4 dxe4 12. Ng1 c5 13. d5 Nd7 14. f4 exf3 15. Nxf3 Nxe5 16. Nxe5 Bxe5 17. 0-0-0 Bg7 18. Bxc5 b6 19. Ba3 Bb7 20. h4 Qc7 21. Bg2 Be5 22. Kb1 Rad8 23. h5 g5 24. Rhe1 Bd6 25. Qd3+ Kg8 26. Re6 Ba6 27. Qf5 fxe6 28. Qg6+ Kh8 29. Qxh6+ Kg8 30. Qxg5+ Kh8 31. Qh6+ Kg8 32. Qg6+ Kh8 33. Be4 1-0

[Event "Niksic IM 03"]
[Site "Niksic"]
[Date "2021.03.06"]
[Round "3"]
[White "Kontic, Djordjije"]
[Black "Arapovic, Vitomir"]
[Result "1/2-1/2"]
[WhiteElo "2248"]
[BlackElo "2295"]
[PlyCount "20"]
[EventDate "2021.03.05"]
[EventType "tourn"]
[EventRounds "9"]
[EventCountry "MNE"]
[SourceTitle "EXT 2022"]
[Source "ChessBase"]
[SourceDate "2021.10.06"]
[SourceVersion "1"]
[SourceVersionDate "2021.10.06"]
[SourceQuality "1"]

1. e4 e6 2. d4 d5 3. Nd2 c5 4. Ngf3 Nc6 5. c3 cxd4 6. cxd4 dxe4 7. Nxe4 Bb4+ 8. Bd2 Bxd2+ 9. Qxd2 Nf6 10. Nxf6+ Qxf6 1/2-1/2

[Event "Niksic IM 02"]
[Site "Niksic"]
[Date "2021.03.04"]
[Round "9"]
[White "Nikac, Predrag"]
[Black "Arapovic, Vitomir"]
[Result "1/2-1/2"]
[WhiteElo "2320"]
[BlackElo "2295"]
[PlyCount "32"]
[EventDate "2021.02.26"]
[EventType "tourn"]
[EventRounds "9"]
[EventCountry "MNE"]
[EventCategory "1"]
[SourceTitle "CBM 201 Extra"]
[Source "ChessBase"]
[SourceDate "2021.05.31"]
[SourceVersion "1"]
[SourceVersionDate "2021.05.31"]
[SourceQuality "1"]

1. e4 e6 2. d4 d5 3. Nc3 Bb4 4. Qg4 Nf6 5. Qxg7 Rg8 6. Qh6 dxe4 7. Nge2 Nbd7 8. Bg5 b6 9. 0-0-0 Bb7 10. d5 Rg6 11. Qh4 h6 12. dxe6 fxe6 13. Bf4 a6 14. h3 Qe7 15. Be3 Bxc3 16. Nxc3 0-0-0 1/2-1/2

[Event "BIH-chT 18th"]
[Site "Tuzla"]
[Date "2019.06.16"]
[Round "9.1"]
[White "Muratovic, Efim"]
[Black "Arapovic, Vitomir"]
[Result "1-0"]
[WhiteElo "2384"]
[BlackElo "2315"]
[PlyCount "71"]
[EventDate "2019.06.08"]
[EventType "team-tourn"]
[EventRounds "9"]
[EventCountry "BIH"]
[SourceTitle "CBM 190 Extra"]
[Source "ChessBase"]
[SourceDate "2019.07.15"]
[SourceVersion "1"]
[SourceVersionDate "2019.07.15"]
[SourceQuality "1"]
[WhiteTeam "Gorazde"]
[BlackTeam "Busovaca Hrasno"]
[WhiteTeamCountry "BIH"]
[BlackTeamCountry "BIH"]

1. d4 g6 2. e4 Bg7 3. Nf3 d6 4. Bc4 Nf6 5. Nc3 0-0 6. Qe2 Bg4 7. e5 dxe5 8. dxe5 Nfd7 9. e6 Ne5 10. exf7+ Kh8 11. Bd5 Nbc6 12. Be3 Qc8 13. Rd1 Bxf3 14. Bxf3 Rxf7 15. Bd5 e6 16. Be4 Qf8 17. a3 Rd8 18. 0-0 Rxd1 19. Rxd1 Rd7 20. Rxd7 Nxd7 21. Bxc6 bxc6 22. Qc4 Qd6 23. Bxa7 c5 24. g3 Bxc3 25. Qxc3+ Kg8 26. a4 Kf7 27. a5 e5 28. b4 cxb4 29. Qc4+ Ke7 30. Be3 Kf6 31. a6 c5 32. a7 Qc6 33. Qg8 Nb6 34. Qf8+ Ke6 35. Bxc5 Na8 36. Bxb4 1-0

[Event "BIH-chT 18th"]
[Site "Tuzla"]
[Date "2019.06.12"]
[Round "5.1"]
[White "Jakovljevic, Vlado"]
[Black "Arapovic, Vitomir"]
[Result "1-0"]
[WhiteElo "2360"]
[BlackElo "2315"]
[PlyCount "63"]
[EventDate "2019.06.08"]
[EventType "team-tourn"]
[EventRounds "9"]
[EventCountry "BIH"]
[SourceTitle "CBM 190 Extra"]
[Source "ChessBase"]
[SourceDate "2019.07.15"]
[SourceVersion "1"]
[SourceVersionDate "2019.07.15"]
[SourceQuality "1"]
[WhiteTeam "Trebinje Leotar"]
[BlackTeam "Busovaca Hrasno"]
[WhiteTeamCountry "BIH"]
[BlackTeamCountry "BIH"]

1. Nf3 d6 2. d4 Bg4 3. c4 Nc6 4. d5 Bxf3 5. exf3 Nb8 6. Qb3 Qc8 7. g3 Nf6 8. Bh3 Nbd7 9. 0-0 g6 10. Re1 Bg7 11. Nc3 0-0 12. Rxe7 Qd8 13. Re1 Nc5 14. Qc2 Nfd7 15. f4 f5 16. Be3 a5 17. Nb5 c6 18. dxc6 bxc6 19. Nxd6 Qf6 20. Rad1 Qxb2 21. Qxb2 Bxb2 22. Bg2 Ra6 23. Nb7 Ba3 24. Nxc5 Nxc5 25. Bd4 Rd8 26. Be5 Rxd1 27. Rxd1 Rb6 28. Bc7 Rb2 29. Bxc6 Rxa2 30. Bxa5 Ne4 31. Bb6 Bc5 32. Bd5+ 1-0

[Event "Sarajevo Bosna op 49th"]
[Site "Sarajevo"]
[Date "2019.04.28"]
[Round "2"]
[White "Arapovic, Vitomir"]
[Black "Predojevic, Borki"]
[Result "0-1"]
[WhiteElo "2331"]
[BlackElo "2621"]
[PlyCount "128"]
[EventDate "2019.04.27"]
[EventType "swiss"]
[EventRounds "9"]
[EventCountry "BIH"]
[SourceTitle "CBM 190 Extra"]
[Source "ChessBase"]
[SourceDate "2019.07.15"]
[SourceVersion "1"]
[SourceVersionDate "2019.07.15"]
[SourceQuality "1"]

1. e4 e6 2. d4 d5 3. Nc3 Nf6 4. Bg5 dxe4 5. Nxe4 Be7 6. Nxf6+ Bxf6 7. Bxf6 Qxf6 8. c3 c5 9. Nf3 Nd7 10. dxc5 Nxc5 11. Qd6 Qe7 12. Bb5+ Bd7 13. Bxd7+ Nxd7 14. 0-0-0 Nf6 15. Rhe1 Qxd6 16. Rxd6 Ke7 17. Rd2 Rhc8 18. Ne5 Rc7 19. f4 g6 20. g4 Rd8 21. Rxd8 Kxd8 22. Kd2 Ke7 23. c4 h5 24. h3 hxg4 25. hxg4 Rc8 26. Rh1 g5 27. fxg5 Ne4+ 28. Ke3 Nxg5 29. b3 a6 30. Rh5 f6 31. Nf3 Nxf3 32. Kxf3 Kd6 33. Kf4 Rc7 34. Rh6 Rf7 35. b4 b6 36. Ke4 Rg7 37. Rxf6 Rxg4+ 38. Rf4 Rg2 39. a3 Re2+ 40. Kd3 Ra2 41. Rd4+ Kc6 42. Rh4 Rxa3+ 43. Kc2 a5 44. bxa5 Rxa5 45. Kc3 Rf5 46. Rh8 Rf3+ 47. Kd4 Rf1 48. Rc8+ Kd6 49. Rd8+ Kc6 50. Rc8+ Kd7 51. Rb8 Kc7 52. Re8 Rd1+ 53. Ke5 Rd2 54. Rh8 Rd7 55. Re8 Kc6 56. Kxe6 Rc7 57. Rb8 Kc5 58. Ke5 Rc6 59. Ke4 Kxc4 60. Ke3 Kc3 61. Ke2 Rd6 62. Ke1 Kb4 63. Rc8 b5 64. Rc1 Rd5 0-1

[Event "Sarajevo Bosna op 48th"]
[Site "Sarajevo"]
[Date "2018.05.08"]
[Round "5"]
[White "Arapovic, Vitomir"]
[Black "Levar, Nenad"]
[Result "1-0"]
[WhiteElo "2329"]
[BlackElo "2075"]
[PlyCount "97"]
[EventDate "2018.05.05"]
[EventType "swiss"]
[EventRounds "9"]
[EventCountry "BIH"]
[SourceTitle "CBM 184 Extra"]
[Source "ChessBase"]
[SourceDate "2018.06.28"]
[SourceVersion "1"]
[SourceVersionDate "2018.06.28"]
[SourceQuality "1"]

1. e4 c5 2. Nf3 d6 3. c3 Nf6 4. h3 e6 5. Bd3 Be7 6. 0-0 0-0 7. Bc2 e5 8. d4 cxd4 9. cxd4 Nc6 10. Nc3 b6 11. d5 Nb8 12. Ne1 Ba6 13. Nd3 Nbd7 14. Re1 Rc8 15. Nb4 Bb7 16. Ba4 Nb8 17. Nb5 a5 18. Nd3 Nfd7 19. f4 exf4 20. Bxf4 Nc5 21. Nxc5 bxc5 22. Na7 Rc7 23. e5 Ba6 24. Nc6 Nxc6 25. dxc6 d5 26. Qf3 Rc8 27. Qg4 Kh8 28. e6 f5 29. Qf3 Qb6 30. Be5 d4 31. Qg3 Rg8 32. Qb3 Qb4 33. c7 c4 34. Qxb4 axb4 35. Bd7 d3 36. Bxc8 Rxc8 37. Rad1 Bc5+ 38. Kh1 Kg8 39. g4 fxg4 40. hxg4 Bb7+ 41. Kh2 Bf3 42. b3 Bxg4 43. bxc4 Bf5 44. Bg3 g6 45. Re5 Bd6 46. Rxf5 Bxg3+ 47. Kxg3 gxf5 48. Rxd3 Rxc7 49. Rd8+ 1-0

[Event "Sarajevo Bosna op 48th"]
[Site "Sarajevo"]
[Date "2018.05.07"]
[Round "4"]
[White "Alaz, Ahmet Efekan"]
[Black "Arapovic, Vitomir"]
[Result "1/2-1/2"]
[WhiteElo "2072"]
[BlackElo "2329"]
[PlyCount "74"]
[EventDate "2018.05.05"]
[EventType "swiss"]
[EventRounds "9"]
[EventCountry "BIH"]
[SourceTitle "CBM 184 Extra"]
[Source "ChessBase"]
[SourceDate "2018.06.28"]
[SourceVersion "1"]
[SourceVersionDate "2018.06.28"]
[SourceQuality "1"]

1. d4 g6 2. Nf3 Bg7 3. Nc3 d5 4. Bf4 Nf6 5. e3 0-0 6. Be2 c6 7. Ne5 Nbd7 8. 0-0 Re8 9. h3 Nf8 10. Na4 N6d7 11. Nf3 b5 12. Nc3 f6 13. Bh2 b4 14. Na4 e5 15. c4 bxc3 16. bxc3 e4 17. Nd2 Ne6 18. c4 f5 19. cxd5 cxd5 20. Nb3 a6 21. Qd2 f4 22. exf4 Qf6 23. Bg4 Nxd4 24. Rad1 h5 25. Nxd4 hxg4 26. hxg4 Nb6 27. Nxb6 Qxb6 28. f5 a5 29. Rfe1 gxf5 30. gxf5 Bxd4 31. Qxd4 Qxd4 32. Rxd4 Bxf5 33. Rxd5 Bg6 34. Rd7 Rad8 35. Red1 Rxd7 36. Rxd7 e3 37. fxe3 Rxe3 1/2-1/2

[Event "BIH-chT 16th"]
[Site "Sarajevo"]
[Date "2017.08.30"]
[Round "8.3"]
[White "Saric, Ibro"]
[Black "Arapovic, Vitomir"]
[Result "1/2-1/2"]
[WhiteElo "2553"]
[BlackElo "2325"]
[PlyCount "56"]
[EventDate "2017.08.24"]
[EventType "team-tourn"]
[EventRounds "9"]
[EventCountry "BIH"]
[SourceTitle "CBM 180 Extra"]
[Source "ChessBase"]
[SourceDate "2017.10.06"]
[SourceVersion "1"]
[SourceVersionDate "2017.10.06"]
[SourceQuality "1"]
[WhiteTeam "Pazaric Bjelasnica"]
[BlackTeam "Kiseljak"]
[WhiteTeamCountry "BIH"]
[BlackTeamCountry "BIH"]

1. d4 g6 2. e4 Bg7 3. Nc3 d6 4. h3 c6 5. Be3 a5 6. a4 Nf6 7. Nge2 0-0 8. g4 Na6 9. Ng3 Nb4 10. g5 Nd7 11. h4 e5 12. d5 cxd5 13. Nxd5 Nc5 14. Bxc5 dxc5 15. Bc4 Nxd5 16. Bxd5 Qb6 17. h5 Rd8 18. Ra3 c4 19. Qf3 Be6 20. Kf1 Qxb2 21. Kg2 Ra6 22. Rc3 Rad6 23. Bxe6 Rxe6 24. Rxc4 Rc6 25. Rxc6 bxc6 26. Rd1 Rd4 27. Rxd4 Qxd4 28. Qb3 Bf8 1/2-1/2

[Event "BIH-chT 16th"]
[Site "Sarajevo"]
[Date "2017.08.29"]
[Round "7.3"]
[White "Arapovic, Vitomir"]
[Black "Arsovic, Zoran"]
[Result "1/2-1/2"]
[WhiteElo "2325"]
[BlackElo "2433"]
[PlyCount "69"]
[EventDate "2017.08.24"]
[EventType "team-tourn"]
[EventRounds "9"]
[EventCountry "BIH"]
[SourceTitle "CBM 180 Extra"]
[Source "ChessBase"]
[SourceDate "2017.10.06"]
[SourceVersion "1"]
[SourceVersionDate "2017.10.06"]
[SourceQuality "1"]
[WhiteTeam "Kiseljak"]
[BlackTeam "Samac"]
[WhiteTeamCountry "BIH"]
[BlackTeamCountry "BIH"]

1. Nf3 Nf6 2. g3 c5 3. c4 Nc6 4. Nc3 e6 5. Bg2 Be7 6. 0-0 0-0 7. d4 d5 8. cxd5 Nxd5 9. Nxd5 exd5 10. dxc5 Bxc5 11. b3 Re8 12. Qc2 Bb6 13. e3 Bg4 14. Bb2 Qe7 15. h3 Be6 16. Qd2 Rad8 17. Nd4 Bxd4 18. Bxd4 Bf5 19. Rfe1 Be4 20. f3 Bg6 21. Rac1 h5 22. h4 Rc8 23. Bb2 Qe6 24. b4 a6 25. a4 Ne7 26. Kf2 Nf5 27. Rxc8 Rxc8 28. Bh3 Rc4 29. Rc1 Qc6 30. Rxc4 dxc4 31. Bxf5 Bxf5 32. a5 Bd3 33. e4 Qa4 34. Ke3 Qc2 35. Qxc2 1/2-1/2

[Event "BIH-chT 16th"]
[Site "Sarajevo"]
[Date "2017.08.25"]
[Round "2.5"]
[White "Arapovic, Vitomir"]
[Black "Kosic, Dragan"]
[Result "1-0"]
[WhiteElo "2325"]
[BlackElo "2490"]
[PlyCount "86"]
[EventDate "2017.08.24"]
[EventType "team-tourn"]
[EventRounds "9"]
[EventCountry "BIH"]
[SourceTitle "CBM 180 Extra"]
[Source "ChessBase"]
[SourceDate "2017.10.06"]
[SourceVersion "1"]
[SourceVersionDate "2017.10.06"]
[SourceQuality "1"]
[WhiteTeam "Kiseljak"]
[BlackTeam "Sarajevo Napredak"]
[WhiteTeamCountry "BIH"]
[BlackTeamCountry "BIH"]

1. e4 e6 2. d4 d5 3. Nc3 Nf6 4. Bg5 dxe4 5. Nxe4 Be7 6. Bxf6 gxf6 7. Qd2 f5 8. Nc3 a6 9. g3 c5 10. Nge2 cxd4 11. Qxd4 Qxd4 12. Nxd4 b5 13. Bg2 Ra7 14. 0-0-0 0-0 15. Rhe1 Bf6 16. f4 Bd7 17. h3 b4 18. Nce2 Rc8 19. Kb1 Rac7 20. Rd2 a5 21. Red1 a4 22. g4 fxg4 23. hxg4 a3 24. b3 h6 25. Be4 Rc5 26. Rh1 Bg7 27. f5 Re5 28. Bf3 Re3 29. Rd3 Rxd3 30. cxd3 exf5 31. gxf5 Nc6 32. Bxc6 Bxc6 33. Rg1 Kf8 34. Nxc6 Rxc6 35. Rg4 Rb6 36. Kc2 Bf6 37. d4 h5 38. Rf4 Bg5 39. Rf3 Rc6+ 40. Kd3 h4 41. Rf2 Ke7 42. d5 Rc5 43. Nf4 Rc3+ 1-0

[Event "Sarajevo Bosna op 47th"]
[Site "Sarajevo"]
[Date "2017.05.19"]
[Round "9"]
[White "Buzeti, Jernej"]
[Black "Arapovic, Vitomir"]
[Result "0-1"]
[WhiteElo "2196"]
[BlackElo "2330"]
[PlyCount "110"]
[EventDate "2017.05.13"]
[EventType "swiss"]
[EventRounds "9"]
[EventCountry "BIH"]
[SourceTitle "CBM 178 Extra"]
[Source "ChessBase"]
[SourceDate "2017.06.22"]
[SourceVersion "1"]
[SourceVersionDate "2017.06.22"]
[SourceQuality "1"]

1. e4 g6 2. d4 Bg7 3. Nc3 d6 4. Be3 Nd7 5. Qd2 c6 6. Nf3 Ngf6 7. h3 0-0 8. Bd3 e5 9. dxe5 dxe5 10. 0-0 Qc7 11. Ne2 Re8 12. Ng3 Nf8 13. Qc3 b6 14. a4 a5 15. Rfe1 N6d7 16. Bc4 Ne6 17. Ng5 Nxg5 18. Bxg5 Nc5 19. Qe3 Be6 20. Bf1 f6 21. Bh6 Rad8 22. Bxg7 Kxg7 23. b3 Rd7 24. Rad1 Red8 25. Rxd7+ Qxd7 26. Be2 Qd2 27. Rc1 Qxe3 28. fxe3 h5 29. h4 Kf8 30. Kf1 g5 31. Nxh5 gxh4 32. Nxf6 Kf7 33. Ng4 Bxg4 34. Bxg4 Nxe4 35. Ke1 Ng3 36. Rd1 Rxd1+ 37. Kxd1 Ke7 38. Bc8 Kd6 39. Kd2 Kc5 40. c3 b5 41. Kd3 bxa4 42. bxa4 e4+ 43. Kd2 Nh5 44. Be6 Nf6 45. Bf5 Kd5 46. Bg6 Ke5 47. Ke2 Nd5 48. Kd2 Nb6 49. Be8 Nxa4 50. Bxc6 Nc5 51. Be8 a4 52. Kc2 a3 53. Bb5 Nd3 54. Kb3 Ne1 55. Bf1 a2 0-1

[Event "BIH-chT 15th"]
[Site "Bihac"]
[Date "2016.07.16"]
[Round "1.4"]
[White "Arapovic, Vitomir"]
[Black "Mrndjic, Armin"]
[Result "1-0"]
[WhiteElo "2339"]
[BlackElo "2166"]
[PlyCount "99"]
[EventDate "2016.07.16"]
[EventType "team-tourn"]
[EventRounds "9"]
[EventCountry "BIH"]
[SourceTitle "CBM 173 Extra"]
[Source "ChessBase"]
[SourceDate "2016.08.29"]
[SourceVersion "1"]
[SourceVersionDate "2016.08.29"]
[SourceQuality "1"]
[WhiteTeam "Kiseljak"]
[BlackTeam "Konjic"]
[WhiteTeamCountry "BIH"]
[BlackTeamCountry "BIH"]

1. e4 e5 2. Nf3 Nc6 3. d4 exd4 4. Nxd4 Nf6 5. Nc3 Bc5 6. Nxc6 bxc6 7. Bd3 0-0 8. 0-0 d6 9. Na4 Nd7 10. c3 Qh4 11. Nxc5 Nxc5 12. Bc2 f5 13. exf5 Bxf5 14. Be3 Nd7 15. f3 Nb6 16. Bb3+ Kh8 17. Qd4 Qxd4 18. Bxd4 c5 19. Bf2 c4 20. Bd1 Rfe8 21. Bxb6 axb6 22. Kf2 d5 23. Re1 Rxe1 24. Kxe1 c5 25. a4 d4 26. Kd2 g5 27. b3 Be6 28. bxc4 Bxc4 29. cxd4 Rd8 30. Kc3 Rxd4 31. Bc2 b5 32. axb5 Bxb5 33. Ra5 Rc4+ 34. Kd2 Bc6 35. Bd3 Rh4 36. Rxc5 Bd7 37. h3 h6 38. Ke3 Kg8 39. Rc7 Be6 40. Rc6 Kf7 41. Be4 Ke7 42. Kd4 Bd7 43. Rb6 Bc8 44. Ke5 h5 45. Rh6 Bxh3 46. gxh3 Rxh3 47. Rh7+ Kd8 48. Kd6 Ke8 49. Rxh5 g4 50. fxg4 1-0

[Event "Sarajevo Bosna op 46th"]
[Site "Sarajevo"]
[Date "2016.06.02"]
[Round "8"]
[White "Tica, Sven"]
[Black "Arapovic, Vitomir"]
[Result "1/2-1/2"]
[WhiteElo "2188"]
[BlackElo "2350"]
[PlyCount "73"]
[EventDate "2016.05.28"]
[EventType "swiss"]
[EventRounds "9"]
[EventCountry "BIH"]
[SourceTitle "EXT 2019"]
[Source "ChessBase"]
[SourceDate "2018.10.10"]
[SourceVersion "1"]
[SourceVersionDate "2018.10.10"]
[SourceQuality "1"]

1. d4 Nf6 2. c4 g6 3. Nc3 Bg7 4. Nf3 0-0 5. Bf4 d6 6. e3 Nbd7 7. h3 b6 8. Be2 Bb7 9. Qc2 e5 10. dxe5 Nxe5 11. Nxe5 dxe5 12. Bxe5 Bxg2 13. Rg1 Bb7 14. Nb5 Ne8 15. Bxg7 Nxg7 16. c5 bxc5 17. Qxc5 Ne6 18. Qe5 Re8 19. Rg4 a6 20. Nd4 Nxd4 21. Qxd4 Qe7 22. Rc1 Bc8 23. Rg3 Be6 24. a3 a5 25. h4 Red8 26. Qf4 Qd6 27. Rxc7 Qxf4 28. exf4 Rab8 29. Rc2 Bf5 30. Rd2 Rxd2 31. Kxd2 Rxb2+ 32. Ke1 Be6 33. h5 a4 34. hxg6 hxg6 35. Bd1 Bb3 36. Bxb3 axb3 37. f5 1/2-1/2

[Event "Sarajevo Bosna op 46th"]
[Site "Sarajevo"]
[Date "2016.05.31"]
[Round "6"]
[White "Kozul, Zdenko"]
[Black "Arapovic, Vitomir"]
[Result "1-0"]
[WhiteElo "2591"]
[BlackElo "2350"]
[PlyCount "65"]
[EventDate "2016.05.28"]
[EventType "swiss"]
[EventRounds "9"]
[EventCountry "BIH"]
[SourceTitle "CBM 172 Extra"]
[Source "ChessBase"]
[SourceDate "2016.06.21"]
[SourceVersion "1"]
[SourceVersionDate "2016.06.21"]
[SourceQuality "1"]

1. d4 g6 2. c4 Bg7 3. Nc3 d6 4. Nf3 Bg4 5. e3 Nc6 6. h3 Bxf3 7. Qxf3 Nf6 8. Qd1 0-0 9. g3 e5 10. d5 Ne7 11. e4 Nd7 12. h4 h5 13. Bh3 Nf6 14. Be3 c6 15. 0-0 c5 16. f4 exf4 17. Bxf4 Re8 18. Qf3 Rf8 19. Rae1 Ne8 20. e5 dxe5 21. Bxe5 Bxe5 22. Rxe5 Nd6 23. Ne4 Nxe4 24. Qxe4 Nc8 25. Be6 Kg7 26. Rg5 Nd6 27. Rxf7+ Rxf7 28. Qxg6+ Kf8 29. Bxf7 Nxf7 30. Qg7+ Ke8 31. Rg6 Qd7 32. Qg8+ Ke7 33. Qxa8 1-0

[Event "Sarajevo Bosna op 46th"]
[Site "Sarajevo"]
[Date "2016.05.28"]
[Round "1"]
[White "Arapovic, Vitomir"]
[Black "Sajin, Mladen"]
[Result "1-0"]
[WhiteElo "2350"]
[BlackElo "1892"]
[PlyCount "63"]
[EventDate "2016.05.28"]
[EventType "swiss"]
[EventRounds "9"]
[EventCountry "BIH"]
[SourceTitle "EXT 2019"]
[Source "ChessBase"]
[SourceDate "2018.10.10"]
[SourceVersion "1"]
[SourceVersionDate "2018.10.10"]
[SourceQuality "1"]

1. e4 e5 2. Nf3 Nf6 3. Nc3 Nc6 4. Bb5 Bc5 5. 0-0 d6 6. d4 exd4 7. Nxd4 Bd7 8. Be3 Ng4 9. Bxc6 bxc6 10. Re1 Qf6 11. e5 Qh4 12. Nf3 Nxe3 13. Nxh4 Nxd1 14. exd6+ Be6 15. Raxd1 Bxd6 16. Nf5 0-0-0 17. Nxg7 Bg4 18. Rd3 Rhg8 19. h3 Bd7 20. Nh5 Rg5 21. Nf6 Bf5 22. Nfe4 Rg7 23. Kf1 Kb8 24. Rd4 Rdg8 25. Nxd6 cxd6 26. g4 Bxc2 27. Rxd6 f5 28. Re2 Kc7 29. Rd4 Bd1 30. Nxd1 c5 31. Rc4 Kb6 32. Ne3 1-0